000
00252nam a22000857a 4500
008
160706b xxu||||| |||| 00| 0 eng d
100
_9
2368
_a
Khanna, K.K
245
_a
The Microscope: A Practical Guide
260
_a
New Delhi
_b
World Health Organisation
_c
1999
999
_c
2045
_d
2045